Countries of Europe by Common 3 Consecutive Letters - Statistics

General Stats
  • This quiz has been taken 219 times
  • The average score is 31 of 45
Answers on the Map
Answers color-coded by a green-red scale on the quiz's map according to % correct below.
 
Answer Stats
Country % Correct
Finland
89%
Iceland
89%
Ireland
89%
Netherlands
89%
Poland
89%
Switzerland
89%
Belarus
88%
Bosnia and Herzegovina
85%
Denmark
85%
Romania
83%
Sweden
82%
Spain
78%
Ukraine
78%
Slovenia
77%
Albania
76%
Lithuania
76%
Estonia
75%
Macedonia
75%
Russia
75%
Andorra
74%
Bulgaria
72%
Slovakia
70%
Belgium
69%
Austria
67%
Vatican City
67%
Germany
66%
Greece
65%
Italy
65%
Kosovo
65%
Latvia
65%
Luxembourg
65%
Malta
65%
Norway
65%
Portugal
65%
Serbia
65%
United Kingdom
65%
France
63%
Montenegro
63%
Monaco
62%
Hungary
45%
San Marino
43%
Moldova
41%
Liechtenstein
40%
Croatia
38%
Czech Republic
35%
No matching quizzes found
Score Distribution
Percent of People with Each Score
Percentile by Number Answered
Your Score History
You have not taken this quiz